000 00870nam a2200265Ia 4500
003 OSt
005 20220923214543.0
006 a|||||r|||| 00| 0
007 ta
008 220922b |||||||| |||| 00| 0 hin d
024 _a170,739
037 _cTextual
040 _aARTS
_cARTS
_bhin
041 _2hin
_ahin
082 _aO152:3N104,MK, H8
100 _aरांगेय राघव
245 0 _aमुर्दाे का टीला
_b मोहनजोदड़ो
246 _aMurdāe kā ṭīlā: mohanajodaड़o
250 _aसंस्क04
260 _aइलाहाबाद
_b किताब महल
_c1973
300 _a381पृ.
_ccm.
650 _aहिन्दी साहित्य
_9156264
942 _hO152:3N104,MK, H8
_cTEXL
_2CC
999 _c325023
_d325023